| 000 | 01240nam a22002657a 4500 | ||
|---|---|---|---|
| 005 | 20170124103034.0 | ||
| 010 | _a985773 | ||
| 020 | _c30.00 | ||
| 035 | _a985773 | ||
| 037 | _bCen Lib/Ret | ||
| 040 |
_aDPL _bHN |
||
| 082 |
_aउ _bमुखोपा |
||
| 100 |
_aमुखोपाध्याय, बालायचंद _964724 |
||
| 245 |
_aभीमपलश्री / _cबालायचंद मुखोपाध्याय ; अनुवादक प्रबोध कुमार मजुमदार |
||
| 246 |
_aBheempalshri / _bby Balaychand Mukhopadhyay ; anuvadak Prabodh Kumar Majumdar |
||
| 260 |
_aनई दिल्ली _bशारदा प्रकाशन _c1980 |
||
| 270 |
_a16/एफ-3, अंसारी रोड, दरियागंज _bनई दिल्ली _e110002 |
||
| 300 |
_a189पृ. _c20सेमी(सजिल्द) |
||
| 650 |
_aहिन्दी -- साहित्य _964725 |
||
| 650 |
_aहिन्दी -- उपन्यास _964726 |
||
| 650 |
_aHindi -- Literature _964727 |
||
| 650 |
_aHindi -- Fiction _927248 |
||
| 700 |
_aमजुमदार, प्रबोध कुमार _964728 |
||
| 942 |
_2ddc _cHN _hउ _mमुखोपा |
||
| 999 |
_c116085 _d116085 |
||